Mr. Brooks = Mr. Brooks /
Un brillante hombre de negocios, respetado padre y esposo, Mr. Brooks, es también un asesino. Cuando un joven descubre su secreto le ofrece no delatarlo a cambio de que le enseñe a matar, convirtiéndose en su alter ego que le impide reprimir sus instintos criminales. Sólo la investigación de una age...
Uloženo v:
| Hlavní autor: | |
|---|---|
| Další autoři: | , , |
| Médium: | |
| Jazyk: | angličtina |
| Témata: | |
| Tagy: |
Žádné tagy, Buďte první, kdo vytvoří štítek k tomuto záznamu!
|
MARC
| LEADER | 00000ngm^a2200000^a^4500 | ||
|---|---|---|---|
| 001 | 000325821 | ||
| 005 | 20250521000000.0 | ||
| 009 | 20260310113747.828 | ||
| 037 | |a Acervo ITESO - Biblioteca | ||
| 041 | |a ING | ||
| 082 | |a 810. |b EVA | ||
| 100 | |a Evans, Bruce A. |e (realización) | ||
| 245 | 1 | 0 | |a Mr. Brooks = |b Mr. Brooks / |c Realización de B.A. Evans. |
| 264 | 2 | |a México : |b Quality Films [distribución], |c copyright fecha no identificada | |
| 300 | |a 1 DVD regiones 1y 4 |c (120 min.) | ||
| 336 | |a imagen móvil bidimensional |b tdi |2 rdacontenido | ||
| 337 | |a video |b v |2 rdamedio | ||
| 338 | |a videodisco |b vd |2 rdasoporte | ||
| 520 | |a Un brillante hombre de negocios, respetado padre y esposo, Mr. Brooks, es también un asesino. Cuando un joven descubre su secreto le ofrece no delatarlo a cambio de que le enseñe a matar, convirtiéndose en su alter ego que le impide reprimir sus instintos criminales. Sólo la investigación de una agente del FBI puede detener a Mr. Brooks, quien se siente admiración y respeto por su devoción al trabajo. | ||
| 546 | |a En inglés, con subtítulos opcionales: español | ||
| 546 | |a Doblaje opcional: español | ||
| 649 | |a XX | ||
| 650 | |a Asesinos en Serie | ||
| 650 | |a Películas Policíacas | ||
| 650 | |a Cine Norteamericano - |y 2000-2009 | ||
| 650 | |a Cine Norteamericano - |y Siglo XXI | ||
| 650 | |a Secretos Personales | ||
| 650 | |a Asesinato | ||
| 650 | |a Chantaje | ||
| 650 | |a Investigación del Delito | ||
| 650 | |a Etica Profesional | ||
| 700 | |a Costner, Kevin |e (actuación) | ||
| 700 | |a Hurt, William |e (actuación) | ||
| 700 | |a Moore, Demi |e (actuación) | ||
| 910 | |a Fondo General | ||
| 920 | |a Audiovisuales - DVDs | ||
| 940 | |a Películas | ||
| 905 | |a 302 | ||
| 901 | |a 0500216268 |b IT2 |c DVS |i C134063 |u 20250521 | ||
| 902 | |a https://opac.biblio.iteso.mx/vufind/Record/000325821 | ||